000 00639nam a2200241Ia 4500
003 OSt
005 20221007064149.0
006 a|||||r|||| 00| 0
007 ta
008 221006b |||||||| |||| 00| 0 eng d
024 _a26,830
037 _cTextual
040 _aFLL
_cFLL
_beng
041 _2eng
_aeng
082 _aX:5:Z73y7, J1
100 _aBays Alfred W.
_9685410
245 0 _aCases and materials business law
250 _a5th
260 _aChicago
_bCallaghan & Company Chicago
_c1951
300 _al,1329p
_ccm.
942 _hX:5:Z73y7, J1
_cTEXL
_2CC
999 _c1133168
_d1133168